| 000 | 01423nam a22002657a 4500 | ||
|---|---|---|---|
| 005 | 2008080802562.0 | ||
| 008 | 080808t xxu||||| |||| 00| 0 hin d | ||
| 010 | _aHIN-83888 | ||
| 020 | _c200.00 | ||
| 035 | _aHN-56234 | ||
| 037 | _bDBAD / PUB | ||
| 040 |
_aDPL _bHN |
||
| 082 | _a363.7288 | ||
| 100 | _aलवानिया, जगदीश प्रसाद | ||
| 245 |
_aप्लास्टिक अपशिष्ट प्रबंधन : _cबैकुंठ नाथ _bपर्यावरण संरक्षण / |
||
| 246 |
_aAnjuri bhar prabhat _b by Baikunth Nath |
||
| 260 |
_aहाथरस ( उ.प्र. ) _bज्ञान कला संजीवनी समिति _c2006 |
||
| 270 |
_a सिंघानियाँ कालॉनी _bहाथरस ( उ.प्र. ) _e204101 |
||
| 300 |
_a112पृ _c22सेमी (सजिल्द) _b(सचित्र) |
||
| 500 | _aपरिशिष्ट संलग्न | ||
| 650 |
_aपर्यावरण _xप्लास्टिक अपशिष्ट प्रबंधन |
||
| 650 |
_aEnvironment _xPlastic Waste Management |
||
| 942 |
_2ddc _cHN _h363.7288 _mलवानिया |
||
| 999 |
_c14759 _d14759 |
||